00630 2200205 4500001002100000005001500021035002000036007000300056008004100059020001800100082001100118084001700129100001300146245010700159250003100266260004000297300005100337650001700388650001900405INLIS00000000000457220260430113053 a0010-0426000097ta260430 g 0 ind  a979-3357-38-X a582.12 a582.12 SUK m0 aSukrasno1 aMimba Tanaman Obat Multifungsi :bMengenal Lebih Dekat /cSukrasno (Penulis); Tetty Yulia (Penyunting) aCetakan Pertama, Juni 2003 aJakarta :bAgroMedia Pustaka,c2003 avi; 81 Hal :bIlustrasi Berwarna; Teks ;c24cm 4aTanaman Obat 4aTanaman Herbal